Statistieken voor Oost-Vlaanderen, Flandre-Orientale : Gemeenten, Communes

Klik hier om de quiz te nemen!

Algemene statistieken

  • Deze quiz is 2.173 keer genomen
  • De gemiddelde score is 37 van 60

Antwoorden op de kaart

Antwoorden kleurgecodeerd door een groen-rode schaal op de quizkaart volgens % correct hieronder.
 

Antwoordstatistieken

Antwoorden / Solutions% Correct
Gent / Gand
100%
Sint-Niklaas / Saint-Nicolas
91%
Aalst / Alost
88%
Oudenaarde / Audenarde
83%
Deinze
82%
Beveren
81%
Dendermonde / Termonde
81%
Geraardsbergen / Grammont
81%
Ninove
78%
Eeklo
76%
Aalter
74%
Ronse / Renaix
74%
Zelzate
74%
Lochristi
70%
Lochristi
70%
Zottegem
69%
De Pinte
68%
Maldegem
68%
Temse / Tamise
68%
Sint-Martens-Latem / Laethem-Saint-Martin
67%
Denderleeuw
66%
Evergem
66%
Merelbeke
65%
Wetteren
65%
Zulte
64%
Melle
63%
Sint-Gillis-Waas / Saint-Gilles-Waes
61%
Zele
61%
Kruibeke
60%
Lede
59%
Lievegem
59%
Stekene
59%
Wachtebeke
59%
Brakel
58%
Destelbergen
58%
Zwalm / Zwalin
58%
Hamme
57%
Nazareth
57%
Sint-Laureins / Saint-Laurent
57%
Moerbeke
56%
Assenede
55%
Berlare
55%
Waasmunster
55%
Erpe-Mere
54%
Kluisbergen
53%
Kruisem
53%
Gavere
51%
Laarne / Laerne
51%
Sint-Lievens-Houtem / Hautem-Saint-Liévin
51%
Buggenhout
50%
Kaprijke
50%
Lebbeke
49%
Wichelen
49%
Herzele
47%
Lierde
47%
Oosterzele
47%
Wortegem-Petegem
47%
Haaltert
45%
Maarkedal / Markedal
43%
Horebeke
41%

Scoreverdeling

Percentiel versus Aantal Correcte Antwoorden

Procent van Mensen met Elke Score

Uw Scoregeschiedenis

U heeft deze quiz nog niet genomen